000 nam a22 7a 4500
999 _c7742
_d7742
008 171005b xxu||||| |||| 00| 0 eng d
100 _94224
_aKundra.S.
245 _aPhysical Education-XI
260 _aNew Delhi
_bEvergreen
_c2009